Statistics for Senators Who Ran For President

Click here to take the quiz!

General Stats

  • This quiz has been taken 9,049 times
    (4,061 since last reset)
  • The average score is 13 of 29

Answer Stats

Year(s) State Senator % Correct
2008, 2012IllinoisBarack Obama
96%
2016, 2008New YorkHillary Clinton
94%
2016, 2020VermontBernie Sanders
92%
2020DelawareJoe Biden
86%
2000, 2008ArizonaJohn McCain
76%
1968New YorkRobert Kennedy
70%
1980IllinoisTed Kennedy
70%
1988, 2000TennesseeAl Gore
68%
2016TexasTed Cruz
68%
1968, 1972CaliforniaRichard Nixon
65%
2016FloridaMarco Rubio
58%
1968TexasLyndon B. Johnson
55%
2004MassachusettsJohn Kerry
55%
1988, 1996KansasBob Dole
51%
1984MinnesotaWalter Mondale
37%
2004North CarolinaJohn Edwards
31%
1968MinnesotaHubert Humphrey
29%
1972South DakotaGeorge McGovern
28%
2012PennsylvaniaRick Santorum
27%
1972, 1976WashingtonHenry M. Jackson
19%
1984ColoradoGary Hart
18%
2000New YorkBill Bradley
13%
1968MinnesotaEugene McCarthy
11%
1972MaineEdmund Muskie
11%
1988IllinoisPaul Simon
10%
1992MassachusettsPaul Tsongas
9%
1976IdahoFrank Church
7%
1968OhioSteven M. Young
3%
1968FloridaGeorge Smathers
3%

Score Distribution

Percentile by Number Answered

Percent of People with Each Score

Your Score History

You have not taken this quiz since the last reset